| 000 | 00740nam a2200241 a 4500 | ||
|---|---|---|---|
| 999 |
_c232735 _d232735 |
||
| 001 | 411683 | ||
| 003 | Nust | ||
| 005 | 20170223104048.0 | ||
| 008 | 810617s1981 nyua b 001 0 eng | ||
| 010 | _a 80070228 | ||
| 020 | _a0124689507 | ||
| 040 |
_aDLC _cDLC _dDLC |
||
| 050 | 0 | 0 |
_aHG221 _b.M3337 |
| 082 | 0 | 0 |
_a332.1 _219 |
| 100 | 1 |
_aMakinen, Gail E., _d1939- |
|
| 245 | 1 | 0 |
_aMoney, banking, and economic activity / _cby Gail E. Makinen. |
| 260 |
_aNew York : _bAcademic Press, _cc1981. |
||
| 300 |
_axiv, 561 p. : _bill. ; _c25 cm. |
||
| 504 | _aIncludes bibliographies and index. | ||
| 650 | 0 | _aMoney. | |
| 650 | 0 | _aBanks and banking. | |
| 906 |
_a7 _bcbc _corignew _d2 _eopcn _f19 _gy-gencatlg |
||
| 942 |
_2ddc _cBK |
||